| 000 | 01540cam a22004218i 4500 | ||
|---|---|---|---|
| 001 | 20899726 | ||
| 003 | NUST | ||
| 005 | 20210329121419.0 | ||
| 008 | 190322s2019 nju 000 0 eng | ||
| 010 | _a 2019008593 | ||
| 020 | _a9789813278714 (hc : alk. paper) | ||
| 038 | _awaseem | ||
| 040 |
_aDLC _beng _erda _cDLC |
||
| 042 | _apcc | ||
| 043 | _aa-cc--- | ||
| 050 | 0 | 0 |
_aHC427.95 _b.C45554 2019 |
| 082 | 0 | 0 |
_a382.30951 _bCHI |
| 245 | 0 | 0 |
_aChina's belt and road initiative and building the community of common destiny / _cedited by Linggui Wang (Chinese Academy of Social Sciences, China) and Jianglin Zhao (Chinese Academy of Social Sciences, China). |
| 263 | _a1904 | ||
| 264 | 1 |
_aNew Jersey : _bWorld Scientific, _c[2019] |
|
| 300 | _apages cm. | ||
| 336 |
_atext _btxt _2rdacontent |
||
| 337 |
_aunmediated _bn _2rdamedia |
||
| 338 |
_avolume _bnc _2rdacarrier |
||
| 490 | 0 | _aSeries on China's belt and road initiative | |
| 563 | _aHardcover. | ||
| 600 |
_aLinggui, Wang : Jianglin, Zhao _952003 |
||
| 650 | 0 |
_aRegional economics _zChina _y21st century. _951999 |
|
| 650 | 0 |
_aEconomic development _zChina. _95068 |
|
| 650 | 0 |
_aInfrastructure (Economics) _zChina. _952000 |
|
| 650 | 0 |
_aTransportation _zChina. _938493 |
|
| 651 | 0 |
_aChina _xForeign economic relations _y21st century. _952001 |
|
| 700 | 1 |
_aWang, Linggui, _eeditor. _926034 |
|
| 700 | 1 |
_aZhao, Jianglin, _eeditor. _952002 |
|
| 906 |
_a7 _bcbc _corignew _d1 _eecip _f20 _gy-gencatlg |
||
| 942 |
_2ddc _cBK |
||
| 999 |
_c554481 _d554481 |
||